000 00612nam a2200253Ia 4500
003 OSt
005 20220924150954.0
006 a|||||r|||| 00| 0
007 ta
008 220923b |||||||| |||| 00| 0 tel d
020 _a7
020 _c7.00
024 _a335435
037 _cTextual
040 _aARTS
_cARTS
_btel
041 _2tel
_atel
082 _a035,3N30:1, L4
100 _aRangacharya Au.
_9184840
245 0 _aChillara devullu
260 _c1974
650 _aTELUGU FICTION
942 _h035,3N30:1, L4
_cTEXL
_2CC
999 _c465142
_d465142